| 000 | 00416nam a2200181Ia 4500 | ||
|---|---|---|---|
| 005 | 20240823012642.0 | ||
| 008 | 240823s9999||||xx |||||||||||||| ||und|| | ||
| 041 | _aENGLISH | ||
| 082 | _A813.54 K7 | ||
| 100 | _a"MacLean,Alistair" | ||
| 245 | 0 | _aWhere Eagles Dare | |
| 250 | _a1st | ||
| 260 |
_c1967 _b"Doubleday,New" _aNew York |
||
| 500 | _aYES | ||
| 650 |
_aStory _bGeneral |
||
| 942 | _cBK | ||
| 999 |
_c165012 _d165012 |
||